श्री अरविन्द (Record no. 1464950)
[ view plain ]
| 000 -LEADER | |
|---|---|
| fixed length control field | 00571nam a22001817a 4500 |
| 005 - DATE AND TIME OF LATEST TRANSACTION | |
| control field | 20251022115549.0 |
| 008 - FIXED-LENGTH DATA ELEMENTS--GENERAL INFORMATION | |
| fixed length control field | 251022b |||||||| |||| 00| 0 eng d |
| 037 ## - SOURCE OF ACQUISITION | |
| Terms of availability | TB |
| 040 ## - CATALOGING SOURCE | |
| Original cataloging agency | AL |
| Transcribing agency | AL |
| 041 ## - LANGUAGE CODE | |
| Source of code | HIN |
| Language code of text/sound track or separate title | HIN |
| 084 ## - COLON CLASSIFICATION NUMBER | |
| Item number | AL |
| 100 ## - MAIN ENTRY--PERSONAL NAME | |
| Personal name | दास, मनोज |
| 9 (RLIN) | 849147 |
| 245 ## - TITLE STATEMENT | |
| Title | श्री अरविन्द |
| 260 ## - PUBLICATION, DISTRIBUTION, ETC. | |
| Place of publication, distribution, etc. | दिल्ली, भारत: |
| Name of publisher, distributor, etc. | साहित्य अकादेमी, |
| Date of publication, distribution, etc. | 1994. |
| 365 ## - TRADE PRICE | |
| Price amount | 15.00 |
| Currency code | INR |
| 942 ## - ADDED ENTRY ELEMENTS (KOHA) | |
| Source of classification or shelving scheme | Colon Classification (CC) |
| Koha item type | Textbook |
| Suppress in OPAC | No |
| Withdrawn status | Lost status | Source of classification or shelving scheme | Damaged status | Not for loan | Home library | Current library | Date acquired | Source of acquisition | Inventory number | Total Checkouts | Barcode | Date last seen | Price effective from | Koha item type |
|---|---|---|---|---|---|---|---|---|---|---|---|---|---|---|
| Colon Classification (CC) | Arts Library | Arts Library | 2025-10-22 | SA | 32054 & 13.02.1994 | AL1128068 | 2025-10-22 | 2025-10-22 | Textbook |
